[Event "Istanbul op-A"]
[Site "Istanbul"]
[Date "2018.09.04"]
[Round "5"]
[White "Aliakbarov, Anar Samir Oglu"]
[Black "Aydin, Hasan Bora"]
[Result "1-0"]
[WhiteElo "2322"]
[BlackElo "1950"]
[PlyCount "32"]
[EventDate "2018.09.02"]
[EventType "swiss"]
[EventRounds "9"]
[EventCountry "TUR"]
[SourceTitle "CBM 186 Extra"]
[Source "ChessBase"]
[SourceDate "2018.08.24"]
[SourceVersion "1"]
[SourceVersionDate "2018.08.24"]
[SourceQuality "1"]

1. d4 Nf6 2. c4 c5 3. d5 e6 4. Nc3 exd5 5. cxd5 Bd6 6. Bg5 0-0 7. Nf3 Re8 8. e3 Bc7 9. d6 Ba5 10. Bc4 b5 11. Bd5 Nc6 12. 0-0 Bxc3 13. bxc3 h6 14. Bxf6 gxf6 15. Nh4 Re5 16. f4 f5 1-0

[Event "TUR Cup"]
[Site "Antalya"]
[Date "2017.02.03"]
[Round "10"]
[White "Aydin, Hasan Bora"]
[Black "Ozkan, Ervin"]
[Result "0-1"]
[WhiteElo "2029"]
[BlackElo "2221"]
[PlyCount "46"]
[EventDate "2017.01.28"]
[EventType "swiss"]
[EventRounds "11"]
[EventCountry "TUR"]
[SourceTitle "CBM 176 Extra"]
[Source "ChessBase"]
[SourceDate "2017.03.02"]
[SourceVersion "1"]
[SourceVersionDate "2017.03.02"]
[SourceQuality "1"]

1. a3 d5 2. Nf3 c6 3. e3 Nf6 4. c4 Bf5 5. Nc3 e6 6. b4 Nbd7 7. Bb2 Be7 8. Be2 h6 9. b5 Rc8 10. 0-0 0-0 11. Rc1 Bh7 12. bxc6 bxc6 13. cxd5 cxd5 14. Nb5 a6 15. Na7 Rxc1 16. Qxc1 Bc5 17. Nc6 Qb6 18. Nb4 a5 19. Na6 Bd6 20. Nd4 Ne5 21. Ba1 Nd3 22. Qc6 Qxc6 23. Nxc6 Ra8 0-1

[Event "TUR Cup"]
[Site "Antalya"]
[Date "2017.01.31"]
[Round "5"]
[White "Gonullu, Muhammed Sinan"]
[Black "Aydin, Hasan Bora"]
[Result "1/2-1/2"]
[WhiteElo "1759"]
[BlackElo "2029"]
[PlyCount "83"]
[EventDate "2017.01.28"]
[EventType "swiss"]
[EventRounds "11"]
[EventCountry "TUR"]
[SourceTitle "CBM 176 Extra"]
[Source "ChessBase"]
[SourceDate "2017.03.02"]
[SourceVersion "1"]
[SourceVersionDate "2017.03.02"]
[SourceQuality "1"]

1. d4 Nf6 2. Bg5 Ne4 3. Bf4 c5 4. f3 Nf6 5. c3 cxd4 6. cxd4 Nd5 7. Bxb8 Rxb8 8. Qd2 e6 9. Nc3 Nxc3 10. bxc3 d5 11. e3 Qa5 12. Qb2 Bd7 13. Bd3 Ba3 14. Qd2 0-0 15. Ne2 Bb5 16. Bxb5 Qxb5 17. 0-0 Rfc8 18. Rab1 Qa4 19. Rb3 b5 20. Rfb1 Rc4 21. Nf4 Rbc8 22. Nd3 a6 23. Nb2 Bxb2 24. Qxb2 Qa5 25. Rc1 Ra4 26. a3 h5 27. Rc2 Qb6 28. Rb4 Rc4 29. Qb3 Qa5 30. Ra2 Qc7 31. Rc2 Raxb4 32. axb4 a5 33. bxa5 Qxa5 34. Kf2 h4 35. f4 h3 36. gxh3 Ra4 37. Rb2 Ra3 38. Qxb5 Qxb5 39. Rxb5 Rxc3 40. f5 Rc2+ 41. Kg3 Re2 42. Kf3 1/2-1/2

[Event "TUR Cup"]
[Site "Antalya"]
[Date "2017.01.29"]
[Round "3"]
[White "Arslanargun, Zana"]
[Black "Aydin, Hasan Bora"]
[Result "0-1"]
[WhiteElo "1710"]
[BlackElo "2029"]
[PlyCount "60"]
[EventDate "2017.01.28"]
[EventType "swiss"]
[EventRounds "11"]
[EventCountry "TUR"]
[SourceTitle "CBM 176 Extra"]
[Source "ChessBase"]
[SourceDate "2017.03.02"]
[SourceVersion "1"]
[SourceVersionDate "2017.03.02"]
[SourceQuality "1"]

1. d4 Nf6 2. Nf3 c5 3. d5 e6 4. c4 exd5 5. cxd5 Bd6 6. g3 0-0 7. Nc3 Bc7 8. Bg2 d6 9. 0-0 a6 10. a4 Re8 11. Re1 Nbd7 12. e4 Rb8 13. Qc2 b5 14. axb5 axb5 15. Bg5 h6 16. Bxf6 Qxf6 17. Nd2 c4 18. b4 Ne5 19. Reb1 Bb6 20. Nd1 Nd3 21. Nf1 Nxb4 22. Qd2 Nd3 23. Nfe3 Bd7 24. Ra6 Nc5 25. Rxb6 Rxb6 26. Nxc4 Ra6 27. Nce3 Ra1 28. Rxa1 Qxa1 29. Nc2 Qb1 30. Bf1 Nxe4 0-1

[Event "Novi Sad Serbian op"]
[Site "Novi Sad"]
[Date "2016.11.06"]
[Round "1"]
[White "Raja, Harshit"]
[Black "Aydin, Hasan Bora"]
[Result "1/2-1/2"]
[WhiteElo "2319"]
[BlackElo "1975"]
[PlyCount "72"]
[EventDate "2016.11.06"]
[EventType "swiss"]
[EventRounds "9"]
[EventCountry "SRB"]
[SourceTitle "CBM 175 Extra"]
[Source "ChessBase"]
[SourceDate "2016.12.12"]
[SourceVersion "1"]
[SourceVersionDate "2016.12.12"]
[SourceQuality "1"]

1. e4 c5 2. Nf3 g6 3. c3 Bg7 4. d4 cxd4 5. cxd4 d5 6. e5 Nh6 7. Nc3 Nc6 8. h3 0-0 9. Bb5 Bf5 10. 0-0 Be4 11. Ng5 Qb6 12. Bxc6 bxc6 13. Na4 Qb4 14. a3 Qb5 15. Nc5 Rfd8 16. f3 Bxe5 17. fxe4 dxe4 18. Be3 Qxb2 19. Kh1 Bxd4 20. Bxd4 Rxd4 21. Qe1 Rd2 22. Rb1 Qa2 23. Qg3 Rad8 24. Ncxe4 Nf5 25. Qc7 R2d7 26. Qxc6 Ne3 27. Nc3 Qc2 28. Qf3 Nf5 29. Rbc1 Qd3 30. Qf2 h6 31. Nge4 Qe3 32. Qa2 Rd2 33. Nxd2 Rxd2 34. Qc4 Rxg2 35. Kxg2 Qg3+ 36. Kh1 Qxh3+ 1/2-1/2

[Event "TUR-chT"]
[Site "Izmir"]
[Date "2016.08.05"]
[Round "13.2"]
[White "Aydin, Hasan Bora"]
[Black "Arat, Ufuk Sezen"]
[Result "1/2-1/2"]
[WhiteElo "1944"]
[BlackElo "2402"]
[PlyCount "103"]
[EventDate "2016.07.25"]
[EventType "team-swiss"]
[EventRounds "13"]
[EventCountry "TUR"]
[SourceTitle "CBM 173 Extra"]
[Source "ChessBase"]
[SourceDate "2016.08.29"]
[SourceVersion "1"]
[SourceVersionDate "2016.08.29"]
[SourceQuality "1"]
[WhiteTeam "Bogazici Universitesi"]
[BlackTeam "Hatay Buyuksehir"]
[WhiteTeamCountry "TUR"]
[BlackTeamCountry "TUR"]

1. e4 c6 2. d4 d5 3. Nc3 dxe4 4. Nxe4 Bf5 5. Ng3 Bg6 6. Nh3 Qa5+ 7. Qd2 Qxd2+ 8. Kxd2 Nd7 9. f4 e6 10. Bd3 Nh6 11. c3 c5 12. dxc5 Bxc5 13. Bxg6 hxg6 14. Ke2 Nf6 15. Ng5 0-0-0 16. N3e4 Be7 17. Be3 Nd5 18. Nh3 f5 19. Neg5 Nxe3 20. Kxe3 Rhe8 21. Nf3 Bf6 22. Rad1 Ng4+ 23. Ke2 Rxd1 24. Rxd1 e5 25. fxe5 Bxe5 26. Nxe5 Rxe5+ 27. Kf3 Re3+ 28. Kf4 Re2 29. Rd6 Nf6 30. Kf3 Rxb2 31. Nf4 Kc7 32. Rd3 Rxa2 33. Nxg6 Ne4 34. Nh4 Nd6 35. Kf4 Ra4+ 36. Rd4 Rxd4+ 37. cxd4 a5 38. Nf3 b5 39. Ne1 Kc6 40. Ke5 Nc4+ 41. Ke6 Ne3 42. Nd3 b4 43. Ne5+ Kb5 44. d5 Nxd5 45. Kxd5 b3 46. Nd3 Ka4 47. Kc4 Ka3 48. Kc3 a4 49. h4 Ka2 50. Nc1+ Ka3 51. Nd3 Ka2 52. Nc1+ 1/2-1/2

[Event "TUR-chT"]
[Site "Izmir"]
[Date "2016.08.04"]
[Round "12.5"]
[White "Kaplan, Mehmet Emin"]
[Black "Aydin, Hasan Bora"]
[Result "0-1"]
[WhiteElo "1689"]
[BlackElo "1944"]
[PlyCount "108"]
[EventDate "2016.07.25"]
[EventType "team-swiss"]
[EventRounds "13"]
[EventCountry "TUR"]
[SourceTitle "CBM 173 Extra"]
[Source "ChessBase"]
[SourceDate "2016.08.29"]
[SourceVersion "1"]
[SourceVersionDate "2016.08.29"]
[SourceQuality "1"]
[WhiteTeam "Akdeniz Vida Metal"]
[BlackTeam "Bogazici Universitesi"]
[WhiteTeamCountry "TUR"]
[BlackTeamCountry "TUR"]

1. Nf3 c5 2. g3 Nc6 3. Bg2 g6 4. Nc3 Bg7 5. d3 Nf6 6. 0-0 0-0 7. e4 d6 8. Bg5 h6 9. Be3 Rb8 10. a4 a6 11. Qc1 Kh7 12. Rb1 Ng4 13. Bd2 b5 14. axb5 axb5 15. h3 Nf6 16. Re1 Nd7 17. Ne2 b4 18. b3 Qa5 19. Be3 Ba6 20. Nh2 Nd4 21. Ng4 h5 22. Nh2 Nb5 23. Qd2 Nc3 24. Rbc1 Qa3 25. Rf1 Rb5 26. Nf3 Ra5 27. Kh2 Qb2 28. Nxc3 bxc3 29. Qe2 Ra2 30. Rfd1 Qxb3 31. Ng5+ Kg8 32. g4 hxg4 33. hxg4 Qa4 34. f4 Rb8 35. Rf1 Rbb2 36. Rf2 Bb5 37. Kg3 Ra1 38. Rff1 Rxc1 39. Rxc1 Qa2 40. Bf3 f6 41. Nh3 Ba4 42. Qe1 Bxc2 43. Qxc3 f5 44. Qd2 fxg4 45. Kxg4 Bb3 46. Qe1 Be6+ 47. Kg3 Bxh3 48. Kxh3 Rh2+ 49. Kg3 Bf6 50. Bf2 Rxf2 51. e5 Bh4+ 52. Kxh4 Rxf3 53. Qg1 Rxf4+ 54. Kg3 Rf5 0-1

[Event "TUR-chT"]
[Site "Izmir"]
[Date "2016.08.03"]
[Round "11.2"]
[White "Aydin, Hasan Bora"]
[Black "Tarlabasi, Emirhan"]
[Result "1/2-1/2"]
[WhiteElo "1944"]
[BlackElo "2006"]
[PlyCount "34"]
[EventDate "2016.07.25"]
[EventType "team-swiss"]
[EventRounds "13"]
[EventCountry "TUR"]
[SourceTitle "CBM 173 Extra"]
[Source "ChessBase"]
[SourceDate "2016.08.29"]
[SourceVersion "1"]
[SourceVersionDate "2016.08.29"]
[SourceQuality "1"]
[WhiteTeam "Bogazici Universitesi"]
[BlackTeam "Istanbul Teknik Uni"]
[WhiteTeamCountry "TUR"]
[BlackTeamCountry "TUR"]

1. e4 e6 2. d4 d5 3. exd5 exd5 4. Nf3 Nf6 5. Bd3 c5 6. 0-0 c4 7. Re1+ Be7 8. Bf1 0-0 9. b3 cxb3 10. axb3 Bg4 11. Nbd2 Nc6 12. Bb2 Bd6 13. c4 Bb4 14. Re3 Re8 15. Rxe8+ Qxe8 16. Be2 Na5 17. Nf1 Ne4 1/2-1/2

[Event "Manavgat Turkey Cup"]
[Site "Manavgat"]
[Date "2016.02.04"]
[Round "8"]
[White "Sari, Yasin"]
[Black "Aydin, Hasan Bora"]
[Result "1-0"]
[WhiteElo "2088"]
[BlackElo "1956"]
[PlyCount "43"]
[EventDate "2016.01.30"]
[EventType "swiss"]
[EventRounds "11"]
[EventCountry "TUR"]
[SourceTitle "CBM 170 Extra"]
[Source "ChessBase"]
[SourceDate "2016.02.25"]
[SourceVersion "1"]
[SourceVersionDate "2016.02.25"]
[SourceQuality "1"]

1. e4 c5 2. Nf3 g6 3. d4 cxd4 4. Nxd4 Nc6 5. c4 Nf6 6. Nc3 Nxd4 7. Qxd4 d6 8. Be2 Bg7 9. Be3 0-0 10. Qd2 Be6 11. 0-0 Qa5 12. Rac1 Rfc8 13. b3 a6 14. f4 b5 15. f5 Bd7 16. fxg6 hxg6 17. e5 Ne8 18. Nd5 Qd8 19. Bb6 Nc7 20. cxb5 e6 21. Bxc7 Qh4 22. Nf6+ 1-0

[Event "Wch U20 52nd"]
[Site "Kocaeli"]
[Date "2013.09.16"]
[Round "4"]
[White "Soysal, Serkan"]
[Black "Aydin, Hasan Bora"]
[Result "1/2-1/2"]
[WhiteElo "2097"]
[BlackElo "1848"]
[PlyCount "133"]
[EventDate "2013.09.13"]
[EventType "swiss"]
[EventRounds "13"]
[EventCountry "TUR"]
[SourceTitle "CBM 156 Extra"]
[Source "ChessBase"]
[SourceDate "2013.10.22"]
[SourceVersion "1"]
[SourceVersionDate "2013.10.22"]
[SourceQuality "1"]

1. e4 c5 2. Nc3 a6 3. Nf3 b5 4. d4 cxd4 5. Nxd4 Bb7 6. Bd3 g6 7. 0-0 Bg7 8. Nb3 d6 9. a4 b4 10. Nd5 Nf6 11. Nxb4 Nxe4 12. Bxe4 Bxe4 13. Re1 Bb7 14. Bg5 f6 15. Nd4 Qb6 16. Ne6 Qxb4 17. Nxg7+ Kf7 18. Bd2 Qb6 19. Ne6 Nd7 20. Bc3 Nc5 21. Qg4 Bc8 22. Ng5+ fxg5 23. Qf3+ Bf5 24. Bxh8 Rxh8 25. g4 Qb7 26. Qc3 e5 27. gxf5 gxf5 28. Rad1 Rd8 29. Rxe5 dxe5 30. Rxd8 Ne6 31. Rh8 Qe4 32. Rxh7+ Kg6 33. f3 Qe2 34. Rd7 Nd4 35. Rxd4 exd4 36. Qxd4 Qe1+ 37. Kg2 Qc1 38. b3 a5 39. Qd3 Kf6 40. Qa6+ Kf7 41. Qb7+ Ke6 42. Qc8+ Kf6 43. Qf8+ Kg6 44. Qe8+ Kf6 45. Qc6+ Ke5 46. Qc7+ Ke6 47. Qc4+ Ke5 48. Qb5+ Kf6 49. Qb6+ Kf7 50. Qb7+ Kf6 51. Qc6+ Ke5 52. Qe8+ Kf6 53. Qc6+ Ke5 54. Qe8+ Kf6 55. Qe2 Kf7 56. Qc4+ Ke7 57. Qd3 Ke6 58. Kf2 Qf4 59. Ke2 Qc1 60. b4 axb4 61. a5 Qa3 62. Qc4+ Ke5 63. Qc7+ Kf6 64. Qd6+ Kf7 65. Qd7+ Kg6 66. Qe6+ Kg7 67. Qxf5 1/2-1/2

[Event "Wch U20 52nd"]
[Site "Kocaeli"]
[Date "2013.09.14"]
[Round "2"]
[White "Ashiku, Franc"]
[Black "Aydin, Hasan Bora"]
[Result "1-0"]
[WhiteElo "2253"]
[BlackElo "1848"]
[PlyCount "50"]
[EventDate "2013.09.13"]
[EventType "swiss"]
[EventRounds "13"]
[EventCountry "TUR"]
[SourceTitle "CBM 156 Extra"]
[Source "ChessBase"]
[SourceDate "2013.10.22"]
[SourceVersion "1"]
[SourceVersionDate "2013.10.22"]
[SourceQuality "1"]

1. e4 c5 2. Nf3 g6 3. c4 Nc6 4. d4 cxd4 5. Nxd4 Bg7 6. Be3 d6 7. Nc3 Nf6 8. Be2 Bd7 9. 0-0 Nxd4 10. Bxd4 0-0 11. Qd2 Bc6 12. f3 a5 13. b3 Nd7 14. Be3 Nc5 15. Rab1 Be5 16. Rfd1 Rc8 17. a3 b6 18. b4 Nd7 19. Bf1 axb4 20. axb4 Ra8 21. Nd5 e6 22. Nf4 Qf6 23. Ne2 Ra3 24. Bg5 Qh8 25. Be3 Rfa8 1-0

[Event "Wch U20 52nd"]
[Site "Kocaeli"]
[Date "2013.09.13"]
[Round "1"]
[White "Aydin, Hasan Bora"]
[Black "Ochsner, Bjorn Moller"]
[Result "0-1"]
[WhiteElo "1848"]
[BlackElo "2366"]
[PlyCount "62"]
[EventDate "2013.09.13"]
[EventType "swiss"]
[EventRounds "13"]
[EventCountry "TUR"]
[SourceTitle "CBM 156 Extra"]
[Source "ChessBase"]
[SourceDate "2013.10.22"]
[SourceVersion "1"]
[SourceVersionDate "2013.10.22"]
[SourceQuality "1"]

1. a3 e5 2. c4 Nf6 3. g3 c5 4. Bg2 d5 5. cxd5 Nxd5 6. Nc3 Be6 7. d3 Nc6 8. Nf3 Be7 9. Bd2 0-0 10. Nxd5 Bxd5 11. 0-0 f6 12. a4 Qd7 13. Bc3 Rfd8 14. Nd2 Bf7 15. Nc4 Rab8 16. Be4 b6 17. e3 Bf8 18. Qe2 Ne7 19. f4 exf4 20. gxf4 Nd5 21. Qg2 a6 22. Rf3 Nxc3 23. bxc3 b5 24. Rh3 g6 25. Nb2 f5 26. Bc6 Qc7 27. axb5 axb5 28. c4 bxc4 29. Nxc4 Bg7 30. Rc1 Rxd3 31. Qc2 Rc3 0-1